| 000 | 00974cam a2200277 i 4500 | ||
|---|---|---|---|
| 001 | 53360 | ||
| 003 | Mx-PuUPA | ||
| 005 | 20250722122511.0 | ||
| 008 | 140415s1995 mx gr 000 0 spa d | ||
| 020 | _a9681645898 | ||
| 040 |
_aMx-PuUPA _bspa _cMx-PuUPA _dMx-PuUPA _erda |
||
| 041 | 0 | _aspa | |
| 043 | _an-mx--- | ||
| 100 | 1 |
_aOrnelas, Carlos, _99515 _eautor |
|
| 245 | 1 | 3 |
_aEl sistema educativo mexicano : _bla transición de fin de siglo / _cCarlos Ornelas |
| 264 | 1 |
_aMéxico, D.F. : _bNacional Financiera : Centro de Investigación y Docencia Económicas : Fondo de Cultura Económica, _c1995 |
|
| 300 |
_a371 páginas ; _c24 cm |
||
| 336 |
_2rdacontent _atexto _btxt |
||
| 337 |
_2rdamedia _asin medio _bn |
||
| 338 |
_2rdacarrier _avolumen _bnc |
||
| 490 | 0 | _aColección Económica y social de México. Los noventa | |
| 650 | 7 |
_aEducación _2armarc _zMéxico |
|
| 942 |
_2ddc _cLI _h370.972 _iO74 |
||
| 999 |
_c53360 _d53360 |
||